000 00611nam a2200169 a 4500
001 000044305
005 20201002045300.0
008 140613s2003 dr 000 0 spa d
040 _aDO-SdBNP
_bspa
_cBNPHU
082 _axxxxxx
_bxxxxxx
100 1 _aTineo de Lora, Elena
_972310
245 1 0 _aEn manos equivocadas :
_bhechos de vida /
_cElena Tineo de Lora ; prólogo Fausto Ramón Mejía Vallejo.
260 _aLa Vega :
_bUniversal,
_c2003.
300 _a142 p. ;
_c21 cm.
504 _aIncluye referencias bibliográficas y notas al pie de las paginas
700 1 _aMejía Vallejo, Ramón Mejía
_epról.
_972311
999 _c43794
_d43794